| Tag |
First Indicator |
Second Indicator |
Subfields |
| LEADER |
00000cam a2200000 a 4500 |
| 001 |
in00002055421 |
| 005 |
20151101180626.0 |
| 008 |
050412s2004 ne 001 0 eng d |
| 020 |
|
|
|a 1402028865
|
| 020 |
|
|
|a 1402028873 (e-book)
|
| 035 |
|
|
|a (OCoLC)ocm58965184
|
| 040 |
|
|
|a CUS
|c CUS
|d UtOrBLW
|
| 049 |
|
|
|a TXAM
|
| 050 |
|
0 |
|a QC882.42
|b .G45 2004
|
| 082 |
0 |
|
|a 551.5113
|2 22
|
| 100 |
1 |
|
|a Gelencsér, András.
|
| 245 |
1 |
0 |
|a Carbonaceous aerosol /
|c by András Gelencsér.
|
| 264 |
|
1 |
|a Dordrecht :
|b Springer,
|c [2004]
|
| 264 |
|
4 |
|c ©2004
|
| 300 |
|
|
|a ix, 350 pages :
|b illustrations ;
|c 25 cm.
|
| 336 |
|
|
|a text
|b txt
|2 rdacontent
|
| 337 |
|
|
|a unmediated
|b n
|2 rdamedia
|
| 338 |
|
|
|a volume
|b nc
|2 rdacarrier
|
| 490 |
1 |
|
|a Atmospheric and oceanographic sciences library ;
|v v. 30
|
| 504 |
|
|
|a Includes bibliographical references (pages 301-331) and index.
|
| 650 |
|
0 |
|a Atmospheric aerosols.
|
| 650 |
|
0 |
|a Atmospheric aerosols
|x Environmental aspects.
|
| 650 |
|
0 |
|a Air
|x Pollution.
|
| 650 |
|
0 |
|a Carbon
|x Environmental aspects.
|
| 830 |
|
0 |
|a Atmospheric and oceanographic sciences library ;
|v v. 30.
|
| 945 |
|
|
|i PromptCat
|
| 947 |
|
|
|a A14831577207
|
| 948 |
|
|
|a cataloged
|b h
|c 2005/6/15
|d c
|e dmitchel
|f 1:44:10 pm
|
| 994 |
|
|
|a 92
|b TXA
|
| 999 |
|
|
|a MARS
|
| 999 |
f |
f |
|s 7ea82023-6cb3-3969-a703-c417433c25c2
|i dc15eda5-8a7c-3a51-952b-eae621877dc7
|t 0
|
| 952 |
f |
f |
|p normal
|a Texas A&M University
|b College Station
|c Sterling C. Evans Library
|d Evans: Library Stacks
|t 0
|e QC882.42 .G45 2004
|h Library of Congress classification
|i unmediated -- volume
|m A14831577207
|
| 998 |
f |
f |
|a QC882.42 .G45 2004
|t 0
|l Evans: Library Stacks
|